000
00297nam a22001217a 4500
999
_c
167958
_d
167958
082
_a
_b
100
_a
Sarojini Jagannathan
245
_a
Impact of sri ramanuja carya on temple worship/
_c
by Sarojini Jagannathan.
260
_a
Delhi:
_b
Nag,
_c
300
_a
311p.
650
_a
942
_c
BK